[Event "C.to Provinciale TP"]
[Site "Erice ITA"]
[Date "2012.01.29"]
[Round "5"]
[White "Maggio, Baldassare"]
[Black "Bertino, Giacomo"]
[Result "0-1"]
[WhiteElo "1612"]
[BlackElo "1995"]
[PlyCount "40"]
[EventDate "2012.01.15"]

1. d4 g6 2. e4 d6 3. Nf3 Bg7 4. b3 c5 5. Bb2 Nc6 6. c3 Bg4 7. Bb5 Qb6 8. Bxc6+
Qxc6 9. d5 Qa6 10. Nbd2 f5 11. h3 fxe4 12. hxg4 exf3 13. Nxf3 Bf6 14. Qd2 O-O-O
15. c4 Bxb2 16. Qxb2 Nf6 17. g5 Nh5 18. g3 Rhf8 19. Nh2 Qa5+ 20. Kf1 Nxg3+ 0-1

[Event "C.to Provinciale TP"]
[Site "Erice ITA"]
[Date "2012.01.29"]
[Round "5"]
[White "Maggio, Filippo"]
[Black "Marino, Martina"]
[Result "1-0"]
[WhiteElo "1347"]
[BlackElo "1179"]
[PlyCount "31"]
[EventDate "2012.01.15"]

1. d4 d5 2. Nf3 Nf6 3. c4 e6 4. e3 c5 5. Be2 Nc6 6. Nc3 Be7 7. Bd3 Bd6 8. e4
Nb4 9. Qe2 O-O 10. a3 Nxd3+ 11. Qxd3 dxe4 12. Nxe4 Be7 13. b4 b6 14. Nfg5 h6
15. Nxf6+ Bxf6 16. Qh7# 1-0

[Event "C.to Provinciale TP"]
[Site "Erice ITA"]
[Date "2012.01.29"]
[Round "5"]
[White "Marino, Gabriele"]
[Black "Morana, Marco"]
[Result "1/2-1/2"]
[WhiteElo "1419"]
[BlackElo "1440"]
[PlyCount "52"]
[EventDate "2012.01.15"]

1. e4 e5 2. Nf3 Nc6 3. Bc4 Nf6 4. Ng5 d5 5. exd5 Nxd5 6. Qf3 Qxg5 7. Bxd5 Qf6
8. Bxc6+ Qxc6 9. Qxc6+ bxc6 10. d3 Bd6 11. O-O O-O 12. Nc3 f5 13. f4 exf4 14.
Bxf4 Bd7 15. Ne2 Rae8 16. Bxd6 cxd6 17. Rae1 Re3 18. c4 Rfe8 19. Kf2 Kf7 20.
Nc3 Rxe1 21. Rxe1 Rxe1 22. Kxe1 Kf6 23. d4 Kg5 24. Kf2 Kf4 25. h3 Kg5 26. g3 f4
1/2-1/2

[Event "C.to Provinciale TP"]
[Site "Erice ITA"]
[Date "2012.01.29"]
[Round "5"]
[White "Melograni, Francesco"]
[Black "Lo Piccolo, Antonino"]
[Result "1/2-1/2"]
[WhiteElo "1890"]
[BlackElo "1843"]
[PlyCount "96"]
[EventDate "2012.01.15"]

1. e4 c6 2. d4 d5 3. exd5 cxd5 4. Nf3 Nf6 5. Bd3 g6 6. Qe2 Bg7 7. Bg5 Nc6 8. c3
O-O 9. Na3 Re8 10. O-O-O a6 11. Nc2 Be6 12. h4 Rc8 13. h5 Bg4 14. hxg6 hxg6 15.
Rh4 Qd7 16. Qd2 Ne4 17. Qe3 e5 18. dxe5 Nxg5 19. Qxg5 Bxf3 20. gxf3 Nxe5 21.
Be4 Qe7 22. Qxe7 Rxe7 23. Bxd5 Bf6 24. Re4 Kg7 25. f4 Nc6 26. Rxe7 Bxe7 27.
Bxc6 Rxc6 28. Rd7 Bd6 29. Rxb7 Bxf4+ 30. Kd1 Rd6+ 31. Nd4 Be5 32. Rb4 f5 33.
Ke2 Kf6 34. Rc4 g5 35. Rc6 g4 36. Rxd6+ Bxd6 37. b4 Ke5 38. Ke3 f4+ 39. Kd3 g3
40. fxg3 fxg3 41. Ke3 Kd5 42. Kd3 Be5 43. c4+ Kd6 44. Ne2 g2 45. Ke4 Bh2 46. a4
g1=Q 47. Nxg1 Bxg1 48. c5+ Bxc5 1/2-1/2

[Event "C.to Provinciale TP"]
[Site "Erice ITA"]
[Date "2012.01.29"]
[Round "5"]
[White "Messina, Damiano"]
[Black "Cleal, John"]
[Result "1-0"]
[WhiteElo "1931"]
[BlackElo "1924"]
[PlyCount "49"]
[EventDate "2012.01.15"]

1. d4 Nf6 2. c4 c5 3. d5 g6 4. Nc3 d6 5. Nf3 Bg7 6. e4 O-O 7. Be2 a6 8. O-O
Nbd7 9. Re1 Re8 10. h3 Nf8 11. Bf4 e5 12. dxe6 Bxe6 13. Qxd6 Qa5 14. Qd2 Rad8
15. Qc2 Bd7 16. Nd5 Ne6 17. Bd2 Qa4 18. b3 Qa3 19. Bc1 Qa5 20. Bd2 Qa3 21. Bc3
Nxd5 22. exd5 Nf4 23. Bf1 Bf5 24. Qd2 Bxc3 25. Qxc3 1-0

[Event "C.to Provinciale TP"]
[Site "Erice ITA"]
[Date "2012.01.29"]
[Round "5"]
[White "Messina, Francesco"]
[Black "Meo, Antonino"]
[Result "0-1"]
[WhiteElo "1792"]
[BlackElo "1659"]
[PlyCount "92"]
[EventDate "2012.01.15"]

1. d4 b6 2. c4 Bb7 3. Nc3 e6 4. e3 Nf6 5. Be2 Bxg2 6. Bf3 Bxh1 7. Bxh1 c6 8.
Nge2 d5 9. Qa4 Qd7 10. Bd2 Bd6 11. f4 O-O 12. e4 dxe4 13. Nxe4 Be7 14. Nxf6+
Bxf6 15. Qc2 Bxd4 16. O-O-O Bf6 17. Bb4 Qc8 18. Bxf8 Qxf8 19. Nd4 Bxd4 20. Rxd4
Na6 21. Bxc6 Nb4 22. Qa4 Rc8 23. Bb7 Rc7 24. Qxa7 Nxa2+ 25. Qxa2 Rxb7 26. Qa6
Rb8 27. Qa3 Qxa3 28. bxa3 Kf8 29. Rd7 Ra8 30. Kb2 Ke8 31. Rb7 Rd8 32. Rxb6 Rd2+
33. Kb3 Rxh2 34. c5 h5 35. a4 Kd7 36. a5 Rh1 37. Ka2 Rc1 38. Rb7+ Kc6 39. Rxf7
Rxc5 40. Rxg7 Rxa5+ 41. Kb3 Rf5 42. Rg6 Kd5 43. Rg5 Rxg5 44. fxg5 Ke5 45. g6
Kf6 46. Kc4 Kxg6 0-1

[Event "C.to Provinciale TP"]
[Site "Erice ITA"]
[Date "2012.01.29"]
[Round "5"]
[White "Sardo, Riccardo"]
[Black "Piazza, Dario"]
[Result "0-1"]
[WhiteElo "1692"]
[BlackElo "1817"]
[PlyCount "70"]
[EventDate "2012.01.15"]

1. d4 d6 2. Bf4 Nf6 3. e3 g6 4. Bd3 Bg7 5. h3 Nc6 6. Nf3 Nb4 7. Bb5+ c6 8. Ba4
Nbd5 9. Bh2 O-O 10. O-O Bf5 11. c4 Nb6 12. Bc2 Qd7 13. Qe2 Bxc2 14. Qxc2 Qe6
15. c5 Nbd5 16. Nc3 Nxc3 17. Qxc3 Ne4 18. Qb4 Rfb8 19. a4 b6 20. cxd6 exd6 21.
Rac1 c5 22. Qc4 d5 23. Qe2 Rc8 24. Rfd1 c4 25. Nd2 f5 26. f3 Ng5 27. f4 Nf7 28.
Nf3 Nd6 29. h4 Nb7 30. Bg3 Na5 31. Rc2 Nb3 32. Be1 a5 33. Bc3 Qe8 34. Kf2 Qxa4
35. Nd2 Nxd4 0-1

[Event "C.to Provinciale TP"]
[Site "Erice ITA"]
[Date "2012.01.29"]
[Round "5"]
[White "Savalla, Gianluca"]
[Black "Mirasolo, Davide"]
[Result "1-0"]
[WhiteElo "1560"]
[BlackElo "1470"]
[PlyCount "111"]
[EventDate "2012.01.15"]

1. d4 d5 2. Nf3 Nf6 3. e3 e6 4. Bd3 Bd6 5. Nbd2 Nbd7 6. c3 c5 7. O-O c4 8. Bc2
e5 9. dxe5 Nxe5 10. Nxe5 Bxe5 11. Nf3 Bg4 12. Ba4+ Ke7 13. h3 Bh5 14. g4 Nxg4
15. Nxe5 Nxe5 16. Qxh5 Qd6 17. Bc2 g6 18. Qd1 Rad8 19. f4 Nc6 20. Qf3 f5 21.
Rd1 Qe6 22. Bd2 Rhg8 23. Kh1 Kd6 24. Rg1 Kc7 25. Qg3 Kb8 26. Qf3 Ka8 27. Rad1
Rd7 28. Be1 Qf7 29. Bf2 Ne7 30. Rd2 h6 31. Bh4 Nc8 32. Bf2 Ne7 33. Bh4 Nc8 34.
Qg2 Rd6 35. Rgd1 Nb6 36. Qf3 Rg7 37. Bf2 Rg8 38. Qg3 Rd7 39. Bg1 Rgd8 40. Rg2
Rg8 41. Bf2 Nc8 42. Qf3 Rgd8 43. Bh4 Rg8 44. Rdg1 Rd6 45. Rd2 Nb6 46. Rgd1 Rd7
47. Be1 Rgd8 48. Bh4 Rg8 49. b3 Rc7 50. bxc4 g5 51. Be1 Rxc4 52. Bb3 Re4 53.
Bxd5 Nxd5 54. Rxd5 Qe7 55. Rd7 Rxe3 56. Qxb7# 1-0

[Event "C.to Provinciale TP"]
[Site "Erice ITA"]
[Date "2012.01.29"]
[Round "5"]
[White "Savalla, Pietro"]
[Black "Savalla, Salvatore"]
[Result "1-0"]
[WhiteElo "1806"]
[BlackElo "1879"]
[PlyCount "45"]
[EventDate "2012.01.15"]

1. d4 b6 2. e4 g6 3. Bd3 Bg7 4. c3 Bb7 5. Be3 e5 6. dxe5 Bxe5 7. Bd4 f6 8. Nf3
d6 9. Nxe5 fxe5 10. Be3 Nd7 11. Nd2 Ngf6 12. O-O O-O 13. Bh6 Re8 14. Bc4+ Kh8
15. Re1 c6 16. Nf3 Nxe4 17. Rxe4 d5 18. Ng5 Qf6 19. Re3 e4 20. Nxe4 Qh4 21. Bg5
Qh3 22. Be2 Qxh2+ 23. Kxh2 1-0

[Event "C.to Provinciale TP"]
[Site "Erice ITA"]
[Date "2012.01.29"]
[Round "6"]
[White "Arini, Mario"]
[Black "Maggio, Filippo"]
[Result "1-0"]
[WhiteElo "1567"]
[BlackElo "1347"]
[PlyCount "137"]
[EventDate "2012.01.15"]

1. Nf3 d5 2. g3 Nf6 3. Bg2 Bf5 4. O-O Nbd7 5. d3 g6 6. c3 Bg7 7. Nbd2 O-O 8.
Qc2 c5 9. e4 Bg4 10. e5 Bxf3 11. Nxf3 Ne8 12. Re1 f6 13. e6 Ne5 14. d4 cxd4 15.
cxd4 Nc6 16. a3 Qb6 17. Qd3 Nc7 18. Rb1 Nd8 19. Bd2 a5 20. b4 a4 21. b5 Ndxe6
22. Rec1 f5 23. Be3 f4 24. gxf4 Nxf4 25. Qd2 Nxg2 26. Kxg2 Nxb5 27. Qd3 Qf6 28.
Bg5 Qf5 29. Qxf5 Rxf5 30. Rxb5 Raf8 31. Rc3 e5 32. dxe5 Bxe5 33. Rd3 h5 34.
Rxb7 Bf6 35. Bxf6 R8xf6 36. Rb5 g5 37. Rbxd5 g4 38. Rxf5 Rxf5 39. Nh4 Rf4 40.
Rd5 Rc4 41. Rxh5 Rc3 42. Rg5+ Kf7 43. Rxg4 Rxa3 44. Nf3 Ra1 45. Nd2 a3 46. Ra4
a2 47. Nf3 Ke6 48. Kg3 Kd5 49. h4 Kc5 50. h5 Kb5 51. Ra8 Kb4 52. h6 Kb3 53. h7
Rh1 54. Nh2 a1=Q 55. Rxa1 Rxa1 56. h8=Q Rg1+ 57. Kf3 Rh1 58. Qb8+ Kc4 59. Qf4+
Kd5 60. Ng4 Rh4 61. Qf5+ Kc4 62. Qe6+ Kd3 63. Qd5+ Kc3 64. Ne3 Rh3+ 65. Ke2 Kb4
66. Qe4+ Ka5 67. Nd5 Rf3 68. Qb4+ Ka6 69. Qb6# 1-0

[Event "C.to Provinciale TP"]
[Site "Erice ITA"]
[Date "2012.01.29"]
[Round "6"]
[White "Bertino, Giacomo"]
[Black "Savalla, Pietro"]
[Result "0-1"]
[WhiteElo "1995"]
[BlackElo "1806"]
[PlyCount "58"]
[EventDate "2012.01.15"]

1. d4 d5 2. e4 dxe4 3. Nc3 Nf6 4. f3 exf3 5. Nxf3 Bg4 6. Be2 e6 7. O-O Be7 8.
Qd3 O-O 9. Bf4 c6 10. Rae1 Nbd7 11. Kh1 Nd5 12. Nxd5 cxd5 13. Qb5 Qc8 14. c4 a6
15. Qb3 dxc4 16. Bxc4 Bxf3 17. Rxf3 b5 18. Bd3 Nf6 19. Rc1 Qd8 20. Be5 Qd5 21.
Qc2 Qd7 22. Rcf1 Rac8 23. Qb1 h6 24. Rxf6 gxf6 25. Rxf6 Bxf6 26. Bxf6 Rfd8 27.
Qe1 Kf8 28. h3 Qd6 29. Qh4 Rc1+ 0-1

[Event "C.to Provinciale TP"]
[Site "Erice ITA"]
[Date "2012.01.29"]
[Round "6"]
[White "Cerami, Giuseppe"]
[Black "Calamia, Gianpaolo"]
[Result "1/2-1/2"]
[WhiteElo "1690"]
[BlackElo "1688"]
[PlyCount "81"]
[EventDate "2012.01.15"]

1. Nf3 Nf6 2. d4 g6 3. c4 Bg7 4. Nc3 d5 5. e3 O-O 6. Bd3 c6 7. h3 Nbd7 8. O-O
Qc7 9. cxd5 cxd5 10. Bd2 a6 11. Rc1 Qb8 12. e4 dxe4 13. Nxe4 Nxe4 14. Bxe4 Nf6
15. Bb1 Nd5 16. Re1 e6 17. Qe2 Qd6 18. a3 Bd7 19. Ne5 Rac8 20. Bd3 Rxc1 21.
Rxc1 Rc8 22. Rxc8+ Bxc8 23. g3 b5 24. f4 Bb7 25. Be4 Nxf4 26. gxf4 Qxd4+ 27.
Qe3 Qxe3+ 28. Bxe3 Bxe4 29. b4 Bxe5 30. fxe5 Kf8 31. Bg5 Ke8 32. Kf2 Kd7 33.
Ke3 Bf5 34. h4 Kc6 35. Kd4 Kb6 36. Be7 h6 37. Bc5+ Kc6 38. Be7 g5 39. hxg5 h5
40. g6 fxg6 41. Bg5 1/2-1/2

[Event "C.to Provinciale TP"]
[Site "Erice ITA"]
[Date "2012.01.29"]
[Round "6"]
[White "Cleal, John"]
[Black "Guarino, Giuseppe"]
[Result "1-0"]
[WhiteElo "1924"]
[BlackElo "1530"]
[PlyCount "53"]
[EventDate "2012.01.15"]

1. e4 c5 2. Nc3 d6 3. f4 e6 4. Nf3 Be7 5. Bb5+ Bd7 6. a4 a6 7. Bc4 Nc6 8. O-O
Nf6 9. d3 O-O 10. h3 Qb6 11. e5 Ne8 12. Kh1 d5 13. Ba2 Nb4 14. Bb3 Bc6 15. Ne2
Nc7 16. a5 Qa7 17. c3 Nxd3 18. Qxd3 c4 19. Bxc4 dxc4 20. Qxc4 Nb5 21. Ned4 Rac8
22. Nxc6 Rxc6 23. Qe4 Rfc8 24. Be3 Bc5 25. Bxc5 Rxc5 26. Rfd1 Rc4 27. Qxc4 1-0

[Event "C.to Provinciale TP"]
[Site "Erice ITA"]
[Date "2012.01.29"]
[Round "6"]
[White "Marino, Gabriele"]
[Black "Gigante, Giovanni"]
[Result "0-1"]
[WhiteElo "1419"]
[BlackElo "1873"]
[PlyCount "52"]
[EventDate "2012.01.15"]

1. e4 e5 2. Nf3 Nc6 3. Bc4 Bc5 4. d3 Nf6 5. Nc3 a6 6. O-O O-O 7. Bg5 h6 8. Bh4
Be7 9. Bxf6 Bxf6 10. Nd5 d6 11. c3 Na5 12. Qa4 Nxc4 13. Qxc4 c6 14. Nxf6+ Qxf6
15. d4 Bg4 16. dxe5 dxe5 17. Nd2 Rad8 18. Nb3 Qg5 19. Nc5 Bh3 20. g3 Qg4 21. f3
Bxf1 22. Rxf1 Qc8 23. Qb4 Rd2 24. g4 Qd8 25. Nxb7 Qh4 26. h3 Qg3+ 0-1

[Event "C.to Provinciale TP"]
[Site "Erice ITA"]
[Date "2012.01.29"]
[Round "6"]
[White "Melograni, Francesco"]
[Black "Messina, Damiano"]
[Result "1-0"]
[WhiteElo "1890"]
[BlackElo "1931"]
[PlyCount "115"]
[EventDate "2012.01.15"]

1. e4 e6 2. d4 d5 3. exd5 exd5 4. Nf3 Bd6 5. Bd3 Ne7 6. O-O O-O 7. c3 Bf5 8.
Re1 Bxd3 9. Qxd3 Ng6 10. Nbd2 Nd7 11. Nf1 c6 12. Bd2 Nf6 13. Ne5 Ne4 14. Nxg6
fxg6 15. Re2 Qh4 16. Be1 Qf6 17. f3 Qf7 18. Bh4 Nf6 19. Rae1 Rae8 20. a4 Rxe2
21. Rxe2 Re8 22. Rxe8+ Qxe8 23. Qe3 Qxe3+ 24. Nxe3 Bf4 25. Kf2 Kf7 26. Bg3 Nh5
27. Bxf4 Nxf4 28. Nd1 g5 29. g3 Ng6 30. a5 Ke6 31. Ke3 h5 32. Nf2 Ne7 33. g4 g6
34. Nd3 b6 35. axb6 axb6 36. Ne5 c5 37. h3 c4 38. Kd2 b5 39. Kc2 Kf6 40. b3 Nc8
41. bxc4 bxc4 42. Kb2 hxg4 43. hxg4 Nd6 44. Ka3 Ke6 45. Nxg6 Nf7 46. Kb4 Kf6
47. Nf8 Ke7 48. Nh7 Kd6 49. Kb5 Kd7 50. Kc5 Ke6 51. Kc6 Nd8+ 52. Kc7 Nf7 53.
Nf8+ Ke7 54. Nd7 Nd8 55. Nb6 Ne6+ 56. Kc6 Nxd4+ 57. cxd4 Ke6 58. Nxd5 1-0

[Event "C.to Provinciale TP"]
[Site "Erice ITA"]
[Date "2012.01.29"]
[Round "6"]
[White "Meo, Antonino"]
[Black "Sardo, Riccardo"]
[Result "0-1"]
[WhiteElo "1659"]
[BlackElo "1692"]
[PlyCount "74"]
[EventDate "2012.01.15"]

1. e4 d6 2. d4 g6 3. Nf3 Bg7 4. Nc3 Nf6 5. Bg5 Nbd7 6. Bd3 O-O 7. O-O e5 8.
dxe5 dxe5 9. Bc4 Nc5 10. Qxd8 Rxd8 11. Nxe5 Rd6 12. Nxf7 Rd4 13. Ne5+ Be6 14.
Bxe6+ Nxe6 15. Nf3 Nxe4 16. Nxd4 N6xg5 17. Nxe4 Nxe4 18. c3 Nc5 19. Rad1 Na4
20. Rd2 Rd8 21. Rfd1 Bh6 22. Re2 c5 23. Rde1 cxd4 24. cxd4 Rxd4 25. Re8+ Bf8
26. Rb8 b6 27. g3 Rd7 28. Ree8 Rf7 29. b3 Nc3 30. a4 Kg7 31. f4 Nd5 32. Kg2 Nf6
33. Red8 Ne4 34. Kf3 Nc5 35. b4 Nxa4 36. g4 Bxb4 37. g5 Bf8 0-1

[Event "C.to Provinciale TP"]
[Site "Erice ITA"]
[Date "2012.01.29"]
[Round "6"]
[White "Mirasolo, Davide"]
[Black "Messina, Francesco"]
[Result "0-1"]
[WhiteElo "1470"]
[BlackElo "1792"]
[PlyCount "124"]
[EventDate "2012.01.15"]

1. d4 d5 2. c4 e6 3. Nf3 Nf6 4. Bg5 Nbd7 5. cxd5 exd5 6. Nc3 c6 7. e3 Bb4 8.
Qb3 Qa5 9. Bd3 O-O 10. O-O h6 11. Bh4 Re8 12. Ne2 Bd6 13. Qc2 Be7 14. Bg3 c5
15. b3 b5 16. dxc5 Nxc5 17. Bf5 Bxf5 18. Qxf5 Rac8 19. Ned4 Ncd7 20. Bf4 Bc5
21. Qh3 Bxd4 22. Nxd4 Kf8 23. Nf5 h5 24. Nd6 Rc2 25. Nxe8 Kxe8 26. Qg3 Rxa2 27.
Rxa2 Qxa2 28. b4 g6 29. Bd6 Ne4 30. Rc1 Qa6 31. Qf3 Qxd6 32. Qd1 Qxb4 33. Qxd5
Nxf2 34. Rc8+ Ke7 35. Kxf2 Qb2+ 36. Kg3 Qe5+ 37. Qxe5+ Nxe5 38. Rc7+ Kd6 39.
Rxa7 b4 40. Rb7 Kc5 41. Kf4 Kc6 42. Rb8 Kd6 43. e4 Kc7 44. Rb5 f6 45. h3 Kc6
46. Rd5 b3 47. Ke3 b2 48. Rd1 Nc4+ 49. Kd3 Na3 50. Kd4 b1=Q 51. Rxb1 Nxb1 52.
Ke3 Kd6 53. Kf4 Ke6 54. g4 g5+ 55. Ke3 h4 56. Ke2 Ke5 57. Kf3 Nc3 58. Kf2 Kxe4
59. Kg2 Kf4 60. Kf2 Ne4+ 61. Kg2 Ke3 62. Kh2 Kf3 0-1

[Event "C.to Provinciale TP"]
[Site "Erice ITA"]
[Date "2012.01.29"]
[Round "6"]
[White "Oddo, Salvatore"]
[Black "Mancuso, Fabrizio"]
[Result "1/2-1/2"]
[WhiteElo "1625"]
[BlackElo "1636"]
[PlyCount "84"]
[EventDate "2012.01.15"]

1. Nf3 d5 2. g3 Bf5 3. d3 Nf6 4. Nbd2 Nbd7 5. Bg2 e6 6. O-O Bc5 7. c3 a5 8. a4
O-O 9. Qc2 Re8 10. e4 dxe4 11. dxe4 Bg6 12. Nh4 Bh5 13. Nc4 Nb6 14. Nxb6 Bxb6
15. h3 e5 16. Nf5 Qd7 17. Bg5 Qe6 18. g4 Bg6 19. Rfd1 Rad8 20. Rxd8 Rxd8 21.
Rd1 Rxd1+ 22. Qxd1 Qd7 23. Qxd7 Nxd7 24. Ne7+ Kf8 25. Nxg6+ hxg6 26. b4 axb4
27. cxb4 c5 28. a5 Bc7 29. bxc5 Bxa5 30. Be3 Bb4 31. Bf1 Bxc5 32. Bxc5+ Nxc5
33. f3 b6 34. Kf2 g5 35. Ke3 Ke7 36. Kd2 Kd6 37. Kc3 Nb7 38. Kc4 Kc6 39. Kb4
Nd6 40. Be2 g6 41. Bd3 b5 42. Be2 Nc4 1/2-1/2

[Event "C.to Provinciale TP"]
[Site "Erice ITA"]
[Date "2012.01.29"]
[Round "6"]
[White "Piazza, Dario"]
[Black "Lo Piccolo, Antonino"]
[Result "1-0"]
[WhiteElo "1817"]
[BlackElo "1843"]
[PlyCount "95"]
[EventDate "2012.01.15"]

1. d4 d5 2. Nf3 Nf6 3. e3 g6 4. Nbd2 Bg7 5. Be2 O-O 6. O-O Bg4 7. b3 c5 8. Bb2
cxd4 9. Bxd4 Nc6 10. Bb2 Rc8 11. c4 e6 12. h3 Bxf3 13. Bxf3 Nb4 14. Qe2 dxc4
15. Nxc4 Nfd5 16. Bxg7 Kxg7 17. Qb2+ Qf6 18. Qxf6+ Kxf6 19. a3 Nc6 20. Rfe1
Rfd8 21. e4 Nf4 22. e5+ Ke7 23. Nd6 Rc7 24. Bxc6 Rxc6 25. Nxb7 Rd5 26. Re4 Nd3
27. b4 Nxe5 28. a4 a6 29. Nc5 Nd7 30. Nxd7 Rxd7 31. Rb1 Rd5 32. b5 Rb6 33. Reb4
axb5 34. axb5 e5 35. Kf1 Ke6 36. Ke2 f5 37. g3 Kd6 38. Ke3 Kc5 39. R4b3 Rd4 40.
Kf3 g5 41. R1b2 h5 42. Rb1 Rc4 43. R1b2 Rc1 44. g4 hxg4+ 45. hxg4 e4+ 46. Ke3
fxg4 47. Kxe4 Rc4+ 48. Kf5 1-0

[Event "C.to Provinciale TP"]
[Site "Erice ITA"]
[Date "2012.01.29"]
[Round "6"]
[White "Savalla, Gianluca"]
[Black "Maggio, Baldassare"]
[Result "1-0"]
[WhiteElo "1560"]
[BlackElo "1612"]
[PlyCount "107"]
[EventDate "2012.01.15"]

1. d4 d5 2. Nf3 Nf6 3. e3 Bf5 4. c4 e6 5. Nbd2 c6 6. Nh4 Bg4 7. f3 Bh5 8. g4
Nxg4 9. Ng2 Nf6 10. Nf4 Bd6 11. Nxh5 Nxh5 12. Bd3 Qh4+ 13. Ke2 dxc4 14. Bxc4
Nd7 15. a3 O-O 16. Kd3 e5 17. d5 b5 18. Bb3 c5 19. Kc2 c4 20. Ba2 Nc5 21. b3
Qf2 22. bxc4 bxc4 23. Bxc4 Nf6 24. Qe1 Qg2 25. Qg1 Qh3 26. Qg3 Qc8 27. e4 Nb7
28. Rg1 g6 29. Kd1 Nh5 30. Qh4 Kh8 31. Qg4 f5 32. Qg5 Qd7 33. Bd3 Qa4+ 34. Bc2
Qd4 35. exf5 gxf5 36. Re1 Ng7 37. Rb1 Qxd5 38. Rg1 Qf7 39. Bb3 Qd7 40. Bb2 Nc5
41. Ba2 Qa4+ 42. Ke1 Nd3+ 43. Kf1 Qd7 44. Nc4 Bc5 45. Rg3 Nxb2 46. Nxb2 Rab8
47. Rd1 Qc7 48. Nc4 Bd4 49. Qh6 Qe7 50. Rh3 Ne8 51. Re1 Rf6 52. Qg5 Qd7 53.
Nxe5 Bxe5 54. Qg8# 1-0

[Event "C.to Provinciale TP"]
[Site "Erice ITA"]
[Date "2012.01.29"]
[Round "6"]
[White "Savalla, Salvatore"]
[Black "Piazza, Francesco"]
[Result "0-1"]
[WhiteElo "1879"]
[BlackElo "1608"]
[PlyCount "144"]
[EventDate "2012.01.15"]

1. d4 Nf6 2. Nf3 g6 3. Nbd2 d5 4. c4 c6 5. e3 Bg7 6. Bd3 O-O 7. O-O Bg4 8. h3
Bxf3 9. Nxf3 Ne4 10. Bxe4 dxe4 11. Ng5 e5 12. dxe5 Qxg5 13. f4 exf3 14. Rxf3
Qxe5 15. Bd2 Rd8 16. Rb1 Na6 17. Qc2 Nc5 18. Bc3 Qe4 19. Qxe4 Nxe4 20. Bxg7
Kxg7 21. Rf4 Re8 22. Rd1 Re7 23. Rd4 Rae8 24. Rf3 Ng5 25. Rg3 Ne6 26. Rd3 Nc5
27. Ra3 a6 28. b4 Ne4 29. Rg4 Nd2 30. Rd3 Ne4 31. Rf4 Re6 32. Rf3 Rd6 33. Rd4
Rxd4 34. exd4 Nd2 35. Rc3 Re4 36. d5 Nxc4 37. dxc6 bxc6 38. Kf2 a5 39. a3 Nxa3
40. bxa5 Ra4 41. Rc5 Nb1 42. Ke3 Na3 43. Kd3 Nb5 44. Rxc6 Rxa5 45. Rc2 Nd6 46.
Ke3 h5 47. Kf3 Nf5 48. Rb2 Kh6 49. Rd2 Kg5 50. Rb2 Ra3+ 51. Kf2 h4 52. Rd2 Ng3
53. Rc2 f5 54. Rb2 Kf4 55. Rc2 g5 56. Rb2 Ne4+ 57. Kg1 Kg3 58. Kf1 Re3 59. Ra2
f4 60. Rb2 f3 61. gxf3 Kxf3 62. Kg1 Re1+ 63. Kh2 Re2+ 64. Rxe2 Kxe2 65. Kg2 Nf6
66. Kg1 Kf3 67. Kh2 Nh7 68. Kg1 Kg3 69. Kh1 Kxh3 70. Kg1 g4 71. Kh1 g3 72. Kg1
g2 0-1